000 00669nam a2200181Ia 4500
008 090630s9999 xx 000 0 und d
082 _b11365
100 _aमोर्डेकर माधव.
245 _aनिवडक नितीकथा.
_cमोर्डेकर माधव.
260 _bशेवडे रा. वा. - कोल्हापूर.
_c1990
300 _a39
600 _aमोर्डेकर माधव.
630 _aनिवडक नितीकथा.
655 _aबालवाङमय.
700 _aमोर्डेकर माधव.
730 _aनिवडक नितीकथा.
942 _cBOOK
999 _c263221
_d263221